| 000 | 00741nam a2200205 i 4500 | ||
|---|---|---|---|
| 001 | 97305 | ||
| 003 | ES-MaACL | ||
| 005 | 20241025214250.0 | ||
| 007 | t| | ||
| 008 | 050708s1911 sp ||||1| spa d | ||
| 100 | 1 |
_aMarañón, Gregorio, _d1887-1960 _976311 |
|
| 245 | 1 | 3 |
_aInvestigaciones anatómicas sobre el aparato paratiroideo del hombre : _bexamen anatómico e histológico de la región tiroidea de 180 cadáveres / _cGregorio Marañón y Posadillo. |
| 260 |
_aMadrid : _b[s.n.], _c1911 ( _fTip. de los Hijos de Tello) |
||
| 300 |
_aX, 6-170 p., 3 h. de lám. ; _c25 cm. |
||
| 650 | 4 |
_aParatiroides. _9174361 |
|
| 650 | 4 |
_aGlándulas endocrinas. _9166047 |
|
| 852 | 4 |
_aES-MaACL _jT-1230-F-12 |
|
| 942 | _2udc | ||
| 999 |
_c97305 _d97305 |
||